000 00214nam a2200085Ia 4500
008 120527s9999 xx 000 0 und d
100 _aCHASE,B.Richard.
245 _aproduction and operations management.
942 _cBK
999 _c24016
_d24016